| 000 | 00585nam a22002057i 4500 | ||
|---|---|---|---|
| 001 | 4442 | ||
| 003 | OSt | ||
| 005 | 20170126082335.0 | ||
| 007 | tu | ||
| 008 | 161220s1999 xxu||||| |||| 00| 0 d | ||
| 024 | 7 |
_a4441 _2RID |
|
| 040 | _cOSt | ||
| 084 |
_a15.506 _2z |
||
| 100 | 1 | _aKoopmann, Georg | |
| 245 | 0 | 0 | _aNational and International Developments in Technology - Trends, Patterns and Implications for Policy |
| 260 |
_aHamburg : _bHWWA-Institut für Wirtschaftsforschung,Hamburg, _c1999. |
||
| 300 |
_a29 S. ; _c30cm. |
||
| 490 |
_aHWWA-Diskussionspapier _v76 |
||
| 700 | 1 | _aMünnich, Felix | |
| 942 | _cB | ||
| 999 |
_c4361 _d4361 |
||